Normal view MARC view

Entry Personal Name

Number of records used in: 1

001 - CONTROL NUMBER

  • control field: 3621

003 - CONTROL NUMBER IDENTIFIER

  • control field: OSt

005 - DATE AND TIME OF LATEST TRANSACTION

  • control field: 20211028141554.0

008 - FIXED-LENGTH DATA ELEMENTS

  • fixed length control field: 211028|| aca||aabn | a|a d

040 ## - CATALOGING SOURCE

  • Original cataloging agency: OSt
  • Transcribing agency: OSt

100 ## - HEADING--PERSONAL NAME

  • Personal name: Thomas, Nissin; Kumar K Rakesh.
  • Miscellaneous information: 91716

670 ## - SOURCE DATA FOUND

  • Source citation: Work cat.: (OSt): Thomas, Nissin; Kumar K Rakesh. 91716, E Banking system., 2012